000 00487nam a22001817a 4500
005 20251108175621.0
008 250721s9999 xx 000 0 ara d
082 1 4 _aط/ق/ارن
245 1 0 _aالأرنب والسلحفاة /
264 _bHAT،
300 _a31ص.
650 1 7 _aادب الاطفال
650 1 7 _aالقصص العربية
650 1 7 _aالقراءة
653 _aاطفال مرحلة متوسطة(6-9)سنوات
942 _2ddc
_cBK
999 _c138380
_d138380